Theory of structure (Record no. 3063)
[ view plain ]
| 000 -LEADER | |
|---|---|
| fixed length control field | 00352nam a2200145Ia 4500 |
| 008 - FIXED-LENGTH DATA ELEMENTS--GENERAL INFORMATION | |
| fixed length control field | 230711s9999||||xx |||||||||||||| ||und|| |
| 041 ## - LANGUAGE CODE | |
| Language code of text/sound track or separate title | ENG |
| 082 ## - DEWEY DECIMAL CLASSIFICATION NUMBER | |
| Classification number | 621 |
| Item number | RA-S |
| 100 ## - MAIN ENTRY--PERSONAL NAME | |
| Personal name | Ramamrutham.S |
| 245 #0 - TITLE STATEMENT | |
| Title | Theory of structure |
| 250 ## - EDITION STATEMENT | |
| Edition statement | 1st |
| 260 ## - PUBLICATION, DISTRIBUTION, ETC. | |
| Date of publication, distribution, etc. | 1994 |
| Place of publication, distribution, etc. | New Delhi |
| Name of publisher, distributor, etc. | Dhanpat Rai & Co.(Pvt.)Ltd. |
| 650 ## - SUBJECT ADDED ENTRY--TOPICAL TERM | |
| Topical term or geographic name entry element | Civil Engineering |
| 942 ## - ADDED ENTRY ELEMENTS (KOHA) | |
| Koha item type | Book |
| Withdrawn status | Lost status | Damaged status | Not for loan | Collection | Home library | Current library | Date acquired | Total checkouts | Full call number | Barcode | Date last seen | Date last checked out | Price effective from | Koha item type |
|---|---|---|---|---|---|---|---|---|---|---|---|---|---|---|
| MRSPTU Central Library | MRSPTU Central Library | 1 | 621 RA-S | 11347 | 12/12/2025 | 09/30/2025 | 08/17/2023 | Book | ||||||
| MRSPTU Central Library | MRSPTU Central Library | 621 RA-S | 11348 | 08/17/2023 | 08/17/2023 | Book | ||||||||
| MRSPTU Central Library | MRSPTU Central Library | 1 | 621 RA-S | 11349 | 12/20/2023 | 12/12/2023 | 08/17/2023 | Book | ||||||
| MRSPTU Central Library | MRSPTU Central Library | 621 RA-S | 11350 | 08/17/2023 | 08/17/2023 | Book | ||||||||
| MRSPTU Central Library | MRSPTU Central Library | 621 RA-S | 11351 | 08/17/2023 | 08/17/2023 | Book | ||||||||
| MRSPTU Central Library | MRSPTU Central Library | 621 RA-S | 11352 | 08/17/2023 | 08/17/2023 | Book | ||||||||
| MRSPTU Central Library | MRSPTU Central Library | 621 RA-S | 11353 | 08/17/2023 | 08/17/2023 | Book | ||||||||
| MRSPTU Central Library | MRSPTU Central Library | 621 RA-S | 11354 | 08/17/2023 | 08/17/2023 | Book | ||||||||
| MRSPTU Central Library | MRSPTU Central Library | 621 RA-S | 11355 | 08/17/2023 | 08/17/2023 | Book | ||||||||
| MRSPTU Central Library | MRSPTU Central Library | 621 RA-S | 11356 | 08/17/2023 | 08/17/2023 | Book |
